00414nam a2200169Ia 4500003000400000005001700004008004100021040000700062041000800069082002100077100002800098245003900126260004500165300001200210365000800222650001400230OSt20230511164630.0210423s1985 xx 000 0 und d cAL aeng a910.3 223bGOVK aGOVERNMENT OF Karnataka aKarnataka rajya gazetteer part two aBangalorebGovernment Of Karnatakac1985 a663bHB cINR aGeography